000 00317nam a22001457a 4500
008 210607b ||||| |||| 00| 0 eng d
020 _a0397503768
041 _aeng
080 _a611
082 _a611
100 _a6
101 _aANA
245 _aPain Control in Obstetrics
_cEzzat Abouleish
942 _2udc
_cBK
999 _c58024
_d58024